000
00320nam a22001457a 4500
008
231013b ||||| |||| 00| 0 eng d
020
_a
6720394
041
_a
eng
080
_a
521
082
_a
521EVA
100
_a
19
101
_a
ASTRO
245
_a
OBSERVATION IN MODERN ASTRONOMY
_c
EVANS .S.D
942
_2
udc
_c
BK
999
_c
60448
_d
60448